| 000 | 00882nam a22002417a 4500 | ||
|---|---|---|---|
| 005 | 20090429162934.0 | ||
| 008 | 090429t xxu||||| |||| 00| 0 eng d | ||
| 010 | _aENG-93295 | ||
| 020 |
_a9788189886424 _c380.00 |
||
| 020 |
_a8189886428 _c380.00 |
||
| 035 | _aEN-76828 | ||
| 037 | _bDBAD / PUB | ||
| 040 |
_adpl _bEnglish |
||
| 082 | _a362.85 | ||
| 100 | _aDharmaraj, S. | ||
| 245 |
_aInformal sector in India / _cby S. Dharmaraj |
||
| 260 |
_aDelhi _bAbhijeet Publications _c2007 |
||
| 270 |
_a2/46, Tukhmeerpur Extension _bDelhi _e110094 |
||
| 300 |
_ax, 147p. _c22cm (Hb) |
||
| 500 | _aIncludes bibliographical references and index | ||
| 942 |
_2ddc _cEN _mDHA _h362.85 |
||
| 999 |
_c25933 _d25933 |
||